| 000 | 01244nam a22002537a 4500 | ||
|---|---|---|---|
| 008 | 110525s2008 enk|||||r|||| 000 j eng d | ||
| 020 | _a1405862386 | ||
| 020 | _a9781405862387 | ||
| 020 | _a9781405879200 (CD-ROM) | ||
| 082 |
_222 _a428.6 _bSHA |
||
| 100 |
_97572 _aShakespeare, William, |
||
| 245 |
_aA Midsummer Night's Dream / _cWilliam Shakespeare; Retold by Chris Rice |
||
| 260 |
_aHarlow : _bPearson Education, 2008 _c2008 |
||
| 300 |
_aviii, 55 p. : _bill. ; _c20 cm. |
||
| 490 |
_95756 _aPenguin readers ; _nLevel 3 |
||
| 521 | _aA2: Pre-Intermediate | ||
| 650 |
_924032 _aHigh interest-low vocabulary books |
||
| 653 |
_bENG _cMay2011 |
||
| 700 |
_924045 _aRice, Chris _entr |
||
| 942 |
_2ddc _cBB |
||
| 999 |
_c15379 _d15379 |
||